LEADER 01203nam0-2200301 --450 001 9910588293903321 005 20220912124039.0 010 $a978-88-551-9463-1 100 $a20220912d2021----kmuy0itay5050 ba 101 1 $aita 102 $aIT 105 $ay 001yy 200 1 $aAbiezione e oppressione$ele radici inconsce del razzismo$fIris Marion Young$gtraduzione di Marco Tabacchini 210 $aMilano$cMeltemi$d2021 215 $a72 p.$d21 cm 225 1 $aBiblioteca. Antropologia$v50 300 $aContiene: Giudizio morale e pregiudizio inconscio, pubblicato originariamente con il titolo: Moral judgments and unconscious prejudice, in: Social philosophy today, vol. 3, 1990; Abiezione e oppressione, pubblicato originariamente con il titolo: Abjection and oppression, in: Crisis in continental philosophy, 1990 610 0 $aDiscriminazione 676 $a303.385$v23$zita 700 1$aYoung,$bIris Marion$f1949-2006>$0168180 702 1$aTabacchini,$bMarco 801 0$aIT$bUNINA$gREICAT$2UNIMARC 901 $aBK 912 $a9910588293903321 952 $aCOLLEZ. 2772 (50)$b1474/2022$fFSPBC 959 $aFSPBC 996 $aAbiezione e oppressione$92909206 997 $aUNINA LEADER 00842nam a2200229 i 4500 001 991004029829707536 008 030211s1991 uk 0 eng d 020 $a0415014190 035 $ab11901020-39ule_inst 040 $aDip.to Studi Storici$bita 082 0 $a302.2 100 1 $aFowler, Roger$0165277 245 10$aLanguage in the news :$bdiscourse and ideology in the press /$cRoger Fowler 260 $aLondon [etc.] :$bRoutledge,$c1991 300 $ax, 254 p. ;$c22 cm 650 $aComunicazioni di massa 907 $a.b11901020$b05-07-16$c28-02-03 912 $a991004029829707536 945 $aLE023 302.2 FOW 1 1 $g1$i2023000058015 $lle023$nordini 2003$o-$pE25.50$q-$rl$s- $t0$u3$v0$w3$x0$y.i12164057$z28-02-03 996 $aLanguage in the news$9447502 997 $aUNISALENTO 998 $ale023$b28-02-03$cm$da $e-$feng$guk $h0$i1 LEADER 01050nas 2200409 c 450 001 9910145480703321 005 20260218111509.0 035 $a(CKB)1000000000277861 035 $a(DE-599)ZDB2188905-3 035 $a(OCoLC)163275994 035 $a(OCoLC)643909705 035 $a(DE-101)027498638 035 $a(DE-599)2188905-3 035 $a(EXLCZ)991000000000277861 100 $a20050524a19969999 |y | 101 0 $ager 135 $aur||||||||||| 181 $ctxt$2rdacontent 182 $cc$2rdamedia 183 $acr$2rdacarrier 200 00$aArtechock$hFilmmagazin 210 31$aMu?nchen$cArtechock$d1996- 215 $aOnline-Ressource 300 $aGesehen am 24.05.05 517 1 $aArtechock / Filmmagazin 517 1 $aArtechock Film 517 1 $aArteschock 608 $aZeitschrift$2gnd-content 676 $a792 686 $aTHEATER$qDE-30$2fid 801 0$b0012 801 1$bDE-101 801 2$b0030 906 $aJOURNAL 912 $a9910145480703321 996 $aArtechock$92268541 997 $aUNINA